| 000 | 00443cam a2200169u 4500 | ||
|---|---|---|---|
| 001 | tmp82003700 | ||
| 003 | DLC | ||
| 005 | 20260227112752.0 | ||
| 008 | 900425s1912 xx 000 0 ger | ||
| 010 | _atmp82003700 | ||
| 040 |
_aDLC _cCarP _dDLC |
||
| 050 | 0 | 0 |
_aHC289.D8 _bA5 1912 |
| 110 | 1 | _aDüsseldorf (Germany) | |
| 245 | 1 | 0 | _aDüsseldorf als handels-industrie, kunst, und gartenstadt. |
| 260 |
_a[n. p., _c1912?] |
||
| 300 |
_a1 v. _bcm. |
||
| 999 |
_c91000 _d91000 |
||